000 00874 a2200445 4500
000 BKB
001 071218
005 20200902150941.0
008
010 _a
020 _a
082 _a342.068
_bM98S
100 1 _aMuthuswamy
110 _a
245 1 _aSwamy's compilation on confidential reports
_cby Muthuswamy and Brinda
250 _a
260 _aChennai
_bSwamy Pub.
_c2011
300 _a88p.
490 _a
_v
500 _a
600 _a
610 _a
611 _a
630 _a
650 _a
651 _a
654 _a
690 _aSwamy; General Reference
700 _aBrinda
_b
_c
710 _a
_b
_c
711 _a
720 _a
730 _a
740 _a
752 _a
856 _a
_d
_f
904 _a
964 _a
_b
_c
_d
_e
_f
_g
965 _a
999 _c4570
_d4570